Naton perustajamaat - Statistics

Yleistilastot
  • Tätä visaa on pelattu 48 kertaa
  • Keskiarvotulos 11 / 12
Vastaustilastot
Alkuperäiset jäsenmaat % Oikein
Yhdysvallat
100%
Ranska
98%
Alankomaat
95%
Belgia
95%
Italia
95%
Iso-Britannia
93%
Norja
93%
Kanada
88%
Tanska
85%
Islanti
80%
Luxemburg
80%
Portugali
78%
Ehtoja vastaavia visoja ei löytynyt
Tulosjakauma
Jokaisen tuloksen saaneiden osuus
Persentiili vastausten määrän mukaan
Tuloshistoriasi
Et ole pelannut tätä visaa